000
00302nam a22001217a 4500
008
180302b xxu||||| |||| 00| 0 eng d
041
_a
eng
080
_a
54
100
_a
11
101
_a
kim
245
_a
analytical chemistry of nitrogen and its compounds
_c
averedi.pr
942
_2
udc
_c
BK
999
_c
43931
_d
43931